Gyermeknap, 1963 [fényképpel] /

Elmentve itt :
Bibliográfiai részletek
Szerzők: Somogyi Károlyné Neurohr Magdolna
Somogyi Károlyné
Dokumentumtípus: Cikk
Megjelent: 1963-05-26
Sorozat:Délmagyarország 53 No. 121
Kulcsszavak:Gyermeknap Szeged 1963, úttörőmozgalom
Online Access:http://dmarchiv.bibl.u-szeged.hu/71714
LEADER 00564nab a2200169 i 4500
001 delm71714
005 20180928082424.0
008 180928s1963 hu o 0|| hun d
040 |a SZTE Délmagyarország Archívum  |b hun 
041 |a hun 
100 2 |a Somogyi Károlyné Neurohr Magdolna 
245 1 0 |a Gyermeknap, 1963   |h [elektronikus dokumentum] :  |b [fényképpel] /  |c  Somogyi Károlyné Neurohr Magdolna 
260 |c 1963-05-26 
300 |a 1 
490 0 |a Délmagyarország  |v 53 No. 121 
695 |a Gyermeknap Szeged 1963, úttörőmozgalom 
700 0 1 |a Somogyi Károlyné  |e aut